The Best British Short Stories of 1922 (Record no. 238619)
[ view plain ]
| 000 -LEADER | |
|---|---|
| fixed length control field | 02298cam a22005533a 4500 |
| 001 - CONTROL NUMBER | |
| control field | 9363 |
| 003 - CONTROL NUMBER IDENTIFIER | |
| control field | PGUSA |
| 005 - DATE AND TIME OF LATEST TRANSACTION | |
| control field | 20140828083211.0 |
| 008 - FIXED-LENGTH DATA ELEMENTS--GENERAL INFORMATION | |
| fixed length control field | 051101s2005||||xxu|||||s|||||000 | eng d |
| 040 ## - CATALOGING SOURCE | |
| Original cataloging agency | PGUSA |
| Language of cataloging | eng |
| 042 ## - AUTHENTICATION CODE | |
| Authentication code | dc |
| 050 #4 - LIBRARY OF CONGRESS CALL NUMBER | |
| Classification number | PR |
| 245 14 - TITLE STATEMENT | |
| Title | The Best British Short Stories of 1922 |
| Medium | [electronic resource] |
| 260 ## - PUBLICATION, DISTRIBUTION, ETC. (IMPRINT) | |
| Name of publisher, distributor, etc | Project Gutenberg, |
| Date of publication, distribution, etc | 2005 |
| 500 ## - GENERAL NOTE | |
| General note | See also abridged version PG#22319 pub. in Boston |
| 505 0# - FORMATTED CONTENTS NOTE | |
| Formatted contents note | Where was Wych Street? -- The looking-glass -- The olive -- Once a hero -- "The pensioner" -- Broadsheet ballad -- The Christmas present -- Seaton's aunt -- The reaper -- The song -- A hedonist -- The Bat and Belfry Inn -- The lie -- A girl in it -- The backstairs of the mind -- The birth of a masterpiece -- "Genius" -- The devil to pay -- Empty arms -- Lena Wrace -- The dice thrower -- The stranger woman -- The woman who sat still -- Major Wilbraham. |
| 506 ## - RESTRICTIONS ON ACCESS NOTE | |
| Terms governing access | Public domain in the USA. |
| 516 ## - TYPE OF COMPUTER FILE OR DATA NOTE | |
| Type of computer file or data note | Electronic text |
| 653 ## - INDEX TERM--UNCONTROLLED | |
| Uncontrolled term | Short stories, English |
| 700 1# - ADDED ENTRY--PERSONAL NAME | |
| Personal name | Stern, G. B. |
| Fuller form of name | (Gladys Bronwyn), |
| Dates associated with a name | 1890-1973 |
| 700 1# - ADDED ENTRY--PERSONAL NAME | |
| Personal name | Walpole, Hugh, |
| Titles and other words associated with a name | Sir, |
| Dates associated with a name | 1884-1941 |
| 700 1# - ADDED ENTRY--PERSONAL NAME | |
| Personal name | Caine, William, |
| Dates associated with a name | 1873-1925 |
| 700 1# - ADDED ENTRY--PERSONAL NAME | |
| Personal name | Brighouse, Harold, |
| Dates associated with a name | 1882-1958 |
| 700 1# - ADDED ENTRY--PERSONAL NAME | |
| Personal name | Malet, Lucas, |
| Dates associated with a name | 1852-1931 |
| 700 1# - ADDED ENTRY--PERSONAL NAME | |
| Personal name | Edginton, May, |
| Dates associated with a name | 1883-1957 |
| 700 1# - ADDED ENTRY--PERSONAL NAME | |
| Personal name | Pertwee, Roland, |
| Dates associated with a name | 1885-1963 |
| 700 1# - ADDED ENTRY--PERSONAL NAME | |
| Personal name | Moult, Thomas, |
| Dates associated with a name | 1893-1974 |
| 700 1# - ADDED ENTRY--PERSONAL NAME | |
| Personal name | Sinclair, May, |
| Dates associated with a name | 1863-1946 |
| 700 1# - ADDED ENTRY--PERSONAL NAME | |
| Personal name | Easton, Dorothy, |
| Dates associated with a name | 1889- |
| 700 1# - ADDED ENTRY--PERSONAL NAME | |
| Personal name | Graham, Alan |
| 700 1# - ADDED ENTRY--PERSONAL NAME | |
| Personal name | Horn, Holloway, |
| Dates associated with a name | 1886- |
| 700 1# - ADDED ENTRY--PERSONAL NAME | |
| Personal name | Pemberton, Max, |
| Titles and other words associated with a name | Sir, |
| Dates associated with a name | 1863-1950 |
| 700 1# - ADDED ENTRY--PERSONAL NAME | |
| Personal name | Crompton, Richmal, |
| Dates associated with a name | 1890-1969 |
| 700 1# - ADDED ENTRY--PERSONAL NAME | |
| Personal name | O'Brien, Edward Joseph Harrington, |
| Dates associated with a name | 1890-1941 |
| 700 1# - ADDED ENTRY--PERSONAL NAME | |
| Personal name | Langbridge, Rosamond, |
| Dates associated with a name | 1880-1964 |
| 700 1# - ADDED ENTRY--PERSONAL NAME | |
| Personal name | Aumonier, Stacy, |
| Dates associated with a name | 1887-1928 |
| 700 1# - ADDED ENTRY--PERSONAL NAME | |
| Personal name | Blackwood, Algernon, |
| Dates associated with a name | 1869-1951 |
| 700 1# - ADDED ENTRY--PERSONAL NAME | |
| Personal name | Kenney, Rowland |
| 700 1# - ADDED ENTRY--PERSONAL NAME | |
| Personal name | Truscott, L. Parry |
| 700 1# - ADDED ENTRY--PERSONAL NAME | |
| Personal name | Galsworthy, John, |
| Dates associated with a name | 1867-1933 |
| 700 1# - ADDED ENTRY--PERSONAL NAME | |
| Personal name | De la Mare, Walter, |
| Dates associated with a name | 1873-1956 |
| 700 1# - ADDED ENTRY--PERSONAL NAME | |
| Personal name | Cournos, John, |
| Dates associated with a name | 1881-1966 |
| 700 1# - ADDED ENTRY--PERSONAL NAME | |
| Personal name | Mordaunt, Elinor, |
| Dates associated with a name | 1876-1942 |
| 700 1# - ADDED ENTRY--PERSONAL NAME | |
| Personal name | Beresford, J. D. |
| Fuller form of name | (John Davys), |
| Dates associated with a name | 1873-1947 |
| 700 1# - ADDED ENTRY--PERSONAL NAME | |
| Personal name | Coppard, A. E. |
| Fuller form of name | (Alfred Edgar), |
| Dates associated with a name | 1878-1957 |
| 830 #0 - SERIES ADDED ENTRY--UNIFORM TITLE | |
| Uniform title | Project Gutenberg |
| Volume number/sequential designation | 9363 |
| 856 40 - ELECTRONIC LOCATION AND ACCESS | |
| Uniform Resource Identifier | <a href="http://www.gutenberg.org/ebooks/9363">http://www.gutenberg.org/ebooks/9363</a> |
| 942 ## - ADDED ENTRY ELEMENTS (KOHA) | |
| Koha item type | eBooks |
| Withdrawn status | Lost status | Damaged status | Home library | Current library | Date acquired | Total Checkouts | Date last seen | Price effective from | Koha item type |
|---|---|---|---|---|---|---|---|---|---|
| Project Gutenberg | Project Gutenberg | 08/28/2014 | 08/28/2014 | 08/28/2014 | eBooks |